Producer organisations : (Record no. 153)

MARC details
000 -LEADER
fixed length control field 01511nam a22003497a 4500
001 - CONTROL NUMBER
control field 15247931
005 - DATE AND TIME OF LATEST TRANSACTION
control field 20230120101009.0
007 - PHYSICAL DESCRIPTION FIXED FIELD--GENERAL INFORMATION
fixed length control field cr unu||||||||
008 - FIXED-LENGTH DATA ELEMENTS--GENERAL INFORMATION
fixed length control field 230120b |||||||| |||| 00| 0 eng d
010 ## - LIBRARY OF CONGRESS CONTROL NUMBER
LC control number 2008371744
020 ## - INTERNATIONAL STANDARD BOOK NUMBER
International Standard Book Number 9780855985752 (pbk)
035 ## - SYSTEM CONTROL NUMBER
System control number (OCoLC)ocn181732703
040 ## - CATALOGING SOURCE
Original cataloging agency UUM
Transcribing agency KMU
Modifying agency CUS
-- UKM
-- BTCTA
-- YDXCP
-- BWK
-- BAKER
-- DLC
042 ## - AUTHENTICATION CODE
Authentication code lccopycat
050 00 - LIBRARY OF CONGRESS CALL NUMBER
Classification number HD3121
Item number .P46 2007
100 1# - MAIN ENTRY--PERSONAL NAME
Personal name Penrose-Buckley, Chris.
245 10 - TITLE STATEMENT
Title Producer organisations :
Remainder of title a guide to developing collective rural enterprises /
Statement of responsibility, etc. Chris Penrose-Buckley.
260 ## - PUBLICATION, DISTRIBUTION, ETC.
Place of publication, distribution, etc. London :
Name of publisher, distributor, etc. Oxfam GB,
Date of publication, distribution, etc. 2007.
300 ## - PHYSICAL DESCRIPTION
Extent xiv, 186 p. :
Other physical details ill. ;
Dimensions 22 cm.
440 #0 - SERIES STATEMENT/ADDED ENTRY--TITLE
Title Oxfam skills and practice
504 ## - BIBLIOGRAPHY, ETC. NOTE
Bibliography, etc. note Includes bibliographical references (p. 170-177) and index.
530 ## - ADDITIONAL PHYSICAL FORM AVAILABLE NOTE
Additional physical form available note Also issued online.
650 #0 - SUBJECT ADDED ENTRY--TOPICAL TERM
Topical term or geographic name entry element Producer cooperatives.
650 #0 - SUBJECT ADDED ENTRY--TOPICAL TERM
Topical term or geographic name entry element Rural development.
856 41 - ELECTRONIC LOCATION AND ACCESS
Uniform Resource Identifier <a href="http://bibpurl.oclc.org/web/20961">http://bibpurl.oclc.org/web/20961</a>
-- <a href="http://www.oxfam.org.uk/resources/downloads/produorgs_book.pdf">http://www.oxfam.org.uk/resources/downloads/produorgs_book.pdf</a>
856 42 - ELECTRONIC LOCATION AND ACCESS
Materials specified Publisher description
Uniform Resource Identifier <a href="http://www.loc.gov/catdir/enhancements/fy1116/2008371744-d.html">http://www.loc.gov/catdir/enhancements/fy1116/2008371744-d.html</a>
856 41 - ELECTRONIC LOCATION AND ACCESS
Materials specified Table of contents only
Uniform Resource Identifier <a href="http://www.loc.gov/catdir/enhancements/fy1116/2008371744-t.html">http://www.loc.gov/catdir/enhancements/fy1116/2008371744-t.html</a>
856 42 - ELECTRONIC LOCATION AND ACCESS
Materials specified Contributor biographical information
Uniform Resource Identifier <a href="http://www.loc.gov/catdir/enhancements/fy1207/2008371744-b.html">http://www.loc.gov/catdir/enhancements/fy1207/2008371744-b.html</a>
906 ## - LOCAL DATA ELEMENT F, LDF (RLIN)
a 7
b cbc
c copycat
d 2
e ncip
f 20
g y-gencatlg
942 ## - ADDED ENTRY ELEMENTS (KOHA)
Source of classification or shelving scheme Library of Congress Classification
Koha item type Non-Fiction
Suppress in OPAC No
Holdings
Withdrawn status Lost status Source of classification or shelving scheme Damaged status Not for loan Collection Home library Current library Shelving location Date acquired Source of acquisition Total Checkouts Full call number Barcode Date last seen Price effective from Koha item type
    Library of Congress Classification     Non-fiction Kapasa Makasa University Kapasa Makasa University Open Access 19.01.2023 Book Aid International   HD 3121 Pen 2007 746948 20.01.2023 20.01.2023 Non-Fiction
    Library of Congress Classification     Non-fiction Kapasa Makasa University Kapasa Makasa University Open Access 19.01.2023 Book Aid International   HD 3121 Pen 2007 746946 20.01.2023 20.01.2023 Non-Fiction